000 00583nam a2200145 i 4500
001 177580
003 ES-MaACL
005 20230906220352.0
008 110404s1885 sp |||| | spa d
110 2 _aSindicato de Comerciantes e Industriales de Zaragoza.
_9145961
245 1 0 _aMemoria leída en la junta general ordinaria celebrada por el Sindicato de Comerciantes é Industriales de Zaragoza el día 12 de enero de 1885.
260 _aZaragoza :
_b[s.n.],
_c1885 (
_fImp. y lit. de Félix Villagrasa)
300 _a10 p., [1] h. pleg. ;
_c20 cm.
852 _aES-MaACL
_jT-367-F-19
999 _c177580
_d177580